1804 1055 1038 1050 1966 1627 1090 1540 1734 1630 1857 1115 1571 1376 1937 1380 1892 1387 1370 1729 1930 1616 1251 1300 1253 1708 1872 1163 1359 1503 1731 1034 1319 1553 1859 1025 1637 1810 1798 1875 1039 1160 1406 1355 1863 1059 1741 1215 1515 1749 1050 1162 1415 1576 1081 1263 1032 1032 1747 1203 1244 1202 1356 1045 1185 1245 1568 1923 1379 1195 1950 1582 1882 1421 1000 1238 1887 1231 1858 1114 1069 1278 1767 1621 1700 1608 1274 1632 1804 1786 1677 1049 1464 1806 1556 1365 1279 1264 1845 BCNSPRNW ULIB Ver.6.0+V

เปลี่ยนเป็นภาษาไทย

Change to English
 แสดงรายละเอียดบรรณานุกรม
  กลับหน้าหลัก

Brief Record : Get Marc (ISO 2709) : E-mail record : QR code < ปิดหน้าต่าง
LEADER : 00000nam 2200000uu 4500
001    13399125240
003     ULIB
008    161122s2559||||th 000 0 tha d
050  4 ^aPE1131^bว689ช
100 0  ^aวิรัช นิยมธรรม
110 1  ^aสถานพัฒนาการเรียนรู้ภาษาเมียนมา คณะมนุษยศาสตร์ มหาวิทยาลัยนเรศวร
245 10 ^aชุดความรู้วากยสัมพันธ์ภาษาพม่า;^d Myanmar Flower Grammar /^cวิรัช นิยมธรรม
260    ^aพิษณุโลก :^bหจก.โรงพิมพ์ตระกูลไทย,^c2559
300    ^a138 หน้า
650  4 ^aภาษาพม่า^xบทสนทนา
700 0  ^aวิรัช นิยมธรรม
710 1  ^aสถานพัฒนาการเรียนรู้ภาษาเมียนมา คณะมนุษยศาสตร์ มหาวิทยาลัยนเรศวร
945    ^p0^l0^i001544
999    ^aวรรณษา ชูชัยมงคล
รายการนี้ยังไม่มีแท็ก
คุณยังไม่ได้ล็อกอิน คุณสามารถมีกิจกรรมร่วมกับเว็บไซต์ได้ แต่ต้องล็อกอินก่อน ::
  ล็อกอิน

รายการสื่อสารสนเทศ

ลำดับที่ ประเภท เลขเรียก/บาร์โค้ด สถานที่ สถานะ
1. การศึกษาทั่วไป
การศึกษาทั่วไป
PE1131 ว689ช ฉ.1 
  Barcode: 001544
ห้องสมุดวิทยาเขตสวรรค์ประชารักษ์
►หนังสือทั่วไป
บนชั้น

รายการใกล้เคียง
    ผู้แต่ง [วิรัช นิยมธรรม]

BibComment


ยังไม่เคยถูกคอมเมนท์

คอมเมนท์ทรัพยากรรายการนี้
  คอมเมนท์: ชุดความรู้วากยสั..


 Copyright 2026. Bcnsprnw @Library